000 00986cam a2200289 a 4500
001 1735
005 20230925132251.0
020 _a0439559723
040 _aDLC
_cDLC
_dDLC
050 0 0 _aPZ7
_b.A39853 2004
082 0 0 _a[Fic]
_222
100 _aStilton, Geronimo
245 1 0 _aAll because of a cup of coffee /
_cGeronimo Stilton ; [illustrations by Larry Keys, revised by Topetti & Rattozzi].
260 _aNew York :
_bScholastic,
_c2004
300 _a112 pages :
_bcolor illustrations, maps ;
_c20 cm.
505 _aF
520 _aGeronimo, broken-hearted after a failed romance, sets out with his family to explore the Eighth Wonder of the Mouse World.
521 0 _a420
_bLexile
521 1 _aF
_bRaz-Plus
650 1 _aMice
_vFiction.
650 1 _aJournalists
_vFiction.
650 1 _aExplorers
_vFiction.
650 1 _aAdventure and adventurers
_vFiction.
650 1 _aHumorous stories.
906 _a7
_bcbc
_corignew
_d2
_encip
_f20
_gy-gencatlg
942 _2ddc
_cBK
_n0
999 _c1735
_d1735